004880000a2200097000450024502050000030000560020577300140026194200080027595200900028399900170037310aEspecial López a los ochenta : Belisario Betancur, Enrique Santos Castillo, Germán Espinosa, Santiago Salazar y la Pequeña Lulú escriben sobre el expresidente liberal Alfonso López Michelsen aVol. 3, Num. 3 (Junio-Julio, 1993), Páginas 27-320 tCambio 16 cANA 001040708HEMaFUSBCbFUSBCd2016-01-26l0o r2016-01-26 00:00:00w2016-01-26yANA c58502d58502